[Event "EUYCC 2024 U12"]
[Site "?"]
[Date "2024.08.12"]
[Round "8.11"]
[White "Lickova, Anna"]
[Black "Hamernikova, Iris"]
[Result "1-0"]
[BlackElo "1448"]
[WhiteElo "1621"]
[LiveChessVersion "1.4.8"]

1. e4 {[%clk 1:30:57]} e5 {[%clk 1:30:56]} 2. Nf3 {[%clk 1:31:24]} Nc6
{[%clk 1:31:23]} 3. Bc4 {[%clk 1:31:48]} Bc5 {[%clk 1:31:48]} 4. Nc3
{[%clk 1:32:15]} Nf6 {[%clk 1:32:05]} 5. d3 {[%clk 1:32:41]} d6 {[%clk 1:32:23]}
6. Bg5 {[%clk 1:33:06]} h6 {[%clk 1:32:46]} 7. Bxf6 {[%clk 1:33:31]} Qxf6
{[%clk 1:33:09]} 8. Nd5 {[%clk 1:33:48]} Qd8 {[%clk 1:33:33]} 9. c3
{[%clk 1:33:22]} a6 {[%clk 1:28:12]} 10. d4 {[%clk 1:23:40]} Ba7 {[%clk 1:26:57]}
11. h3 {[%clk 1:17:37]} Be6 {[%clk 1:15:44]} 12. O-O {[%clk 1:07:11]} Ne7
{[%clk 0:55:00]} 13. Bb3 {[%clk 0:53:28]} Nxd5 {[%clk 0:50:25]} 14. exd5
{[%clk 0:51:14]} Bf5 {[%clk 0:50:01]} 15. dxe5 {[%clk 0:49:49]} dxe5
{[%clk 0:50:00]} 16. Nxe5 {[%clk 0:43:33]} O-O {[%clk 0:50:00]} 17. Qf3
{[%clk 0:36:17]} Bh7 {[%clk 0:39:22]} 18. d6 {[%clk 0:26:56]} Qxd6
{[%clk 0:20:16]} 19. Nxf7 {[%clk 0:24:43]} Qb6 {[%clk 0:17:58]} 20. Nxh6+
{[%clk 0:24:42]} Kh8 {[%clk 0:18:10]} 21. Nf7+ {[%clk 0:25:05]} Kg8
{[%clk 0:18:30]} 22. Qh5 {[%clk 0:24:29]} Rxf7 {[%clk 0:17:29]} 23. Qxf7+
{[%clk 0:24:42]} Kh8 {[%clk 0:17:52]} 24. Rae1 {[%clk 0:24:24]} Bg6
{[%clk 0:15:03]} 25. Qc4 {[%clk 0:20:01]} Rf8 {[%clk 0:14:27]} 26. Qh4+
{[%clk 0:16:55]} Bh7 {[%clk 0:14:42]} 27. Bc2 {[%clk 0:14:59]} Qh6
{[%clk 0:12:53]} 28. Qxh6 {[%clk 0:15:20]} gxh6 {[%clk 0:13:18]} 29. Bxh7
{[%clk 0:15:45]} Kxh7 {[%clk 0:13:44]} 30. Re7+ {[%clk 0:16:12]} Kg8
{[%clk 0:14:05]} 31. Rxc7 {[%clk 0:16:31]} Rb8 {[%clk 0:13:30]} 32. Kh1
{[%clk 0:16:19]} Bb6 {[%clk 0:13:52]} 33. Rd7 {[%clk 0:16:20]} a5
{[%clk 0:13:51]} 34. f3 {[%clk 0:16:23]} Be3 {[%clk 0:13:58]} 35. f4
{[%clk 0:16:36]} b6 {[%clk 0:14:17]} 36. f5 {[%clk 0:17:01]} Kf8 {[%clk 0:14:16]}
37. f6 {[%clk 0:17:25]} Rc8 {[%clk 0:14:13]} 38. f7 {[%clk 0:16:56]} Bc5
{[%clk 0:14:07]} 39. Rd3 {[%clk 0:16:01]} Rb8 {[%clk 0:14:06]} 40. Rg3
{[%clk 0:16:19]} Ke7 {[%clk 0:13:31]} 41. Rg8 {[%clk 0:16:35]} 1-0

[Event "EUYCC 2024 U14"]
[Site "?"]
[Date "2024.08.08"]
[Round "4.1"]
[White "Bocquenet-Drouode, Hugo"]
[Black "Constantinoiu, Alexandru Ioan"]
[Result "1/2-1/2"]
[BlackElo "1904"]
[WhiteElo "2025"]
[LiveChessVersion "1.4.8"]

1. d4 {[%clk 1:30:54]} d5 {[%clk 1:30:45]} 2. Nf3 {[%clk 1:30:56]} Nf6
{[%clk 1:29:55]} 3. Bf4 {[%clk 1:31:18]} c5 {[%clk 1:29:47]} 4. e3
{[%clk 1:31:29]} Nc6 {[%clk 1:28:49]} 5. Nbd2 {[%clk 1:31:17]} Qb6
{[%clk 1:26:39]} 6. dxc5 {[%clk 1:31:17]} Qxc5 {[%clk 1:19:16]} 7. c4
{[%clk 1:17:45]} dxc4 {[%clk 0:57:45]} 8. Bxc4 {[%clk 0:58:31]} e5
{[%clk 0:51:50]} 9. Bg3 {[%clk 0:50:55]} e4 {[%clk 0:44:37]} 10. Nd4
{[%clk 0:50:21]} Nxd4 {[%clk 0:33:30]} 11. exd4 {[%clk 0:50:33]} Qb6
{[%clk 0:32:11]} 12. O-O {[%clk 0:46:35]} Bb4 {[%clk 0:26:58]} 13. Be5
{[%clk 0:42:41]} Bxd2 {[%clk 0:25:37]} 14. Qxd2 {[%clk 0:42:54]} O-O
{[%clk 0:22:18]} 15. Qg5 {[%clk 0:39:02]} h6 {[%clk 0:19:40]} 16. Qg3
{[%clk 0:34:48]} Ng4 {[%clk 0:17:15]} 17. Bd6 {[%clk 0:25:38]} Re8
{[%clk 0:16:58]} 18. Bc5 {[%clk 0:14:56]} Qd8 {[%clk 0:15:57]} 19. f3
{[%clk 0:12:40]} Ne3 {[%clk 0:12:15]} 20. Bxf7+ {[%clk 0:11:35]} Kxf7
{[%clk 0:12:19]} 21. Qf4+ {[%clk 0:11:52]} Nf5 {[%clk 0:05:51]} 22. fxe4
{[%clk 0:12:13]} b6 23. Bd6 {[%clk 0:11:22]} g5 {[%clk 0:06:00]} 24. Qg3
{[%clk 0:07:59]} Rxe4 {[%clk 0:06:04]} 25. Qf3 {[%clk 0:08:05]} 1/2-1/2

[Event "EUYCC 2024 U14"]
[Site "?"]
[Date "2024.08.08"]
[Round "4.2"]
[White "Belocky, Daniel"]
[Black "Michalska, Lena"]
[Result "0-1"]
[BlackElo "1837"]
[WhiteElo "1731"]
[LiveChessVersion "1.4.8"]

1. d4 {[%clk 1:30:58]} d5 {[%clk 1:30:58]} 2. c4 {[%clk 1:31:25]} e6
{[%clk 1:31:22]} 3. g3 {[%clk 1:31:50]} Nf6 {[%clk 1:31:35]} 4. Nf3
{[%clk 1:32:16]} b6 {[%clk 1:31:23]} 5. Bg2 {[%clk 1:32:40]} Bb7 {[%clk 1:31:51]}
6. O-O {[%clk 1:32:57]} Nbd7 {[%clk 1:32:18]} 7. Qc2 {[%clk 1:33:20]} c5
{[%clk 1:32:13]} 8. Nbd2 {[%clk 1:32:52]} Be7 {[%clk 1:22:01]} 9. b3
{[%clk 1:31:27]} O-O {[%clk 1:22:18]} 10. Bb2 {[%clk 1:31:39]} dxc4
{[%clk 1:19:50]} 11. Nxc4 {[%clk 1:30:47]} Rc8 {[%clk 1:16:32]} 12. Qd1
{[%clk 1:28:14]} Qc7 {[%clk 1:11:13]} 13. Rc1 {[%clk 1:25:54]} Rfd8
{[%clk 1:11:05]} 14. e3 {[%clk 1:24:46]} Qb8 {[%clk 1:03:29]} 15. Qe2
{[%clk 1:21:51]} Qa8 {[%clk 1:03:23]} 16. Nh4 {[%clk 1:21:25]} Ne4
{[%clk 1:00:54]} 17. Nf3 {[%clk 1:18:58]} Ng5 {[%clk 0:50:46]} 18. Ncd2
{[%clk 1:17:56]} Bf6 {[%clk 0:49:21]} 19. h4 {[%clk 1:15:37]} Nxf3+
{[%clk 0:49:13]} 20. Bxf3 {[%clk 1:15:40]} cxd4 {[%clk 0:49:31]} 21. Bxd4
{[%clk 1:15:35]} Bxd4 {[%clk 0:49:52]} 22. exd4 {[%clk 1:15:50]} Nf6
{[%clk 0:49:40]} 23. Bxb7 {[%clk 1:16:13]} Qxb7 {[%clk 0:50:04]} 24. Nf3
{[%clk 1:16:37]} Rc7 {[%clk 0:47:22]} 25. Rxc7 {[%clk 1:15:29]} Qxc7
{[%clk 0:47:45]} 26. Qe5 {[%clk 1:15:04]} Qc2 {[%clk 0:44:00]} 27. Qb5
{[%clk 1:13:46]} Qxa2 {[%clk 0:40:59]} 28. Rc1 {[%clk 1:10:07]} Ne4
{[%clk 0:38:56]} 29. Rf1 {[%clk 1:09:03]} Nd2 {[%clk 0:39:17]} 30. Nxd2
{[%clk 1:09:11]} Qxd2 {[%clk 0:39:41]} 31. Qa6 {[%clk 1:09:29]} Qxd4
{[%clk 0:39:53]} 32. Qxa7 {[%clk 1:09:51]} g6 {[%clk 0:33:50]} 33. Qc7
{[%clk 1:08:37]} Rd5 {[%clk 0:29:54]} 34. Rc1 {[%clk 1:05:44]} Rc5
{[%clk 0:28:20]} 35. Rxc5 {[%clk 1:05:17]} Qxc5 {[%clk 0:28:41]} 36. Qd8+
{[%clk 1:04:21]} Kg7 {[%clk 0:28:40]} 37. Qd3 {[%clk 1:04:40]} h5
{[%clk 0:28:31]} 38. Kg2 {[%clk 1:04:55]} Qd5+ {[%clk 0:28:07]} 39. Qxd5
{[%clk 1:04:59]} exd5 {[%clk 0:28:32]} 40. Kf3 {[%clk 1:05:21]} Kf6
{[%clk 0:28:31]} 41. Ke3 {[%clk 1:05:40]} Ke5 {[%clk 0:28:27]} 42. f3
{[%clk 1:04:45]} d4+ {[%clk 0:28:09]} 43. Kd3 {[%clk 1:05:02]} Kd5
{[%clk 0:27:11]} 44. b4 {[%clk 1:03:58]} f5 {[%clk 0:27:21]} 45. b5
{[%clk 1:03:51]} Kc5 {[%clk 0:27:25]} 46. f4 {[%clk 1:03:51]} Kd5
{[%clk 0:27:26]} 47. Ke2 {[%clk 1:04:12]} Kc4 {[%clk 0:27:53]} 48. Kd2
{[%clk 1:04:33]} Kxb5 {[%clk 0:28:18]} 49. Kd3 {[%clk 1:04:54]} Kc5
{[%clk 0:28:37]} 0-1

[Event "EUYCC 2024 U14"]
[Site "?"]
[Date "2024.08.08"]
[Round "4.4"]
[White "Bartova, Hana"]
[Black "Stara, Zuzana"]
[Result "0-1"]
[BlackElo "2005"]
[WhiteElo "1796"]
[LiveChessVersion "1.4.8"]

1. e4 {[%clk 1:30:57]} c6 {[%clk 1:30:57]} 2. d4 {[%clk 1:31:24]} d5
{[%clk 1:31:21]} 3. exd5 {[%clk 1:31:50]} cxd5 {[%clk 1:31:47]} 4. c4
{[%clk 1:32:15]} e6 {[%clk 1:31:16]} 5. Nf3 {[%clk 1:29:48]} Nc6 {[%clk 1:30:39]}
6. Nc3 {[%clk 1:28:12]} Bb4 {[%clk 1:29:44]} 7. Bd3 {[%clk 1:25:28]} dxc4
{[%clk 1:28:19]} 8. Bxc4 {[%clk 1:25:37]} Nf6 {[%clk 1:20:00]} 9. O-O
{[%clk 1:19:46]} h6 {[%clk 1:20:10]} 10. a3 {[%clk 1:18:43]} Bxc3
{[%clk 1:18:15]} 11. bxc3 {[%clk 1:19:11]} a6 {[%clk 1:17:02]} 12. Bb3
{[%clk 1:11:21]} b5 {[%clk 1:15:55]} 13. Qd3 {[%clk 1:04:00]} O-O
{[%clk 1:12:55]} 14. Bc2 {[%clk 1:02:39]} Ne7 {[%clk 1:08:34]} 15. Ne5
{[%clk 0:54:10]} Bb7 {[%clk 1:01:41]} 16. g4 {[%clk 0:41:04]} Be4
{[%clk 0:52:58]} 17. Qe2 {[%clk 0:35:30]} Bxc2 {[%clk 0:46:26]} 18. Qxc2
{[%clk 0:35:54]} Rc8 {[%clk 0:45:45]} 19. Be3 {[%clk 0:28:30]} Ned5
{[%clk 0:39:03]} 20. Bd2 {[%clk 0:23:02]} Nxc3 {[%clk 0:28:53]} 21. Bxc3
{[%clk 0:20:01]} Nd5 {[%clk 0:28:37]} 22. Rac1 {[%clk 0:19:17]} Rxc3
{[%clk 0:26:23]} 23. Qb2 {[%clk 0:18:50]} Rxc1 {[%clk 0:14:39]} 24. Rxc1
{[%clk 0:18:36]} Qg5 {[%clk 0:14:33]} 25. h3 {[%clk 0:17:15]} Nf4
{[%clk 0:13:19]} 26. Kh2 {[%clk 0:14:26]} f6 {[%clk 0:04:11]} 27. Nf3
{[%clk 0:14:30]} Qd5 {[%clk 0:04:27]} 28. Rc3 {[%clk 0:13:04]} Qd6
{[%clk 0:04:50]} 29. Qb4 {[%clk 0:10:25]} Qb8 {[%clk 0:05:15]} 30. Kh1
{[%clk 0:09:05]} Nd5 {[%clk 0:05:39]} 31. Qb3 {[%clk 0:07:40]} Nxc3
{[%clk 0:06:03]} 32. Qxc3 {[%clk 0:08:03]} Qf4 {[%clk 0:05:27]} 33. Kg2
{[%clk 0:08:19]} f5 {[%clk 0:04:23]} 34. g5 {[%clk 0:07:12]} hxg5
{[%clk 0:03:35]} 35. Ne5 {[%clk 0:06:05]} Qe4+ {[%clk 0:02:37]} 36. f3
{[%clk 0:05:53]} Qe2+ {[%clk 0:02:10]} 37. Kg1 {[%clk 0:05:28]} g4
{[%clk 0:01:09]} 38. Qb3 {[%clk 0:03:34]} Rf6 {[%clk 0:00:44]} 39. hxg4
{[%clk 0:03:41]} fxg4 {[%clk 0:01:05]} 40. f4 {[%clk 0:03:30]} Qe1+
{[%clk 0:01:01]} 41. Kg2 {[%clk 0:03:51]} Qd2+ {[%clk 0:01:20]} 0-1

[Event "EUYCC 2024 U14"]
[Site "?"]
[Date "2024.08.10"]
[Round "6.2"]
[White "Constantinoiu, Alexandru Ioan"]
[Black "Michalska, Lena"]
[Result "1/2-1/2"]
[BlackElo "1837"]
[WhiteElo "1904"]
[LiveChessVersion "1.4.8"]

1. e4 {[%clk 1:30:56]} c5 {[%clk 1:30:58]} 2. Nf3 {[%clk 1:31:14]} g6
{[%clk 1:31:23]} 3. d4 {[%clk 1:31:19]} cxd4 {[%clk 1:31:49]} 4. Nxd4
{[%clk 1:31:24]} Bg7 {[%clk 1:32:14]} 5. Nc3 {[%clk 1:31:42]} Nc6
{[%clk 1:32:39]} 6. Be3 {[%clk 1:31:51]} Nf6 {[%clk 1:33:04]} 7. Nb3
{[%clk 1:31:42]} d6 {[%clk 1:33:09]} 8. f3 {[%clk 1:31:41]} Be6 {[%clk 1:33:32]}
9. Qd2 {[%clk 1:31:19]} d5 {[%clk 1:30:28]} 10. exd5 {[%clk 1:31:15]} Nxd5
{[%clk 1:30:51]} 11. Nxd5 {[%clk 1:30:47]} Qxd5 {[%clk 1:30:36]} 12. Qxd5
{[%clk 1:31:01]} Bxd5 {[%clk 1:31:01]} 13. O-O-O {[%clk 1:31:16]} O-O-O
{[%clk 1:21:19]} 14. c4 {[%clk 1:18:45]} Be6 {[%clk 1:21:33]} 15. Be2
{[%clk 1:12:10]} b6 {[%clk 1:05:01]} 16. a3 {[%clk 1:00:13]} Rxd1+
{[%clk 0:53:27]} 17. Rxd1 {[%clk 0:59:36]} Rd8 {[%clk 0:53:53]} 18. Rxd8+
{[%clk 0:52:53]} Kxd8 {[%clk 0:54:14]} 19. f4 {[%clk 0:50:35]} h5 20. Bd3
{[%clk 0:44:25]} f5 {[%clk 0:45:04]} 21. Kc2 {[%clk 0:41:12]} Bf7
{[%clk 0:44:44]} 22. Nd2 {[%clk 0:10:12]} Bh6 {[%clk 0:36:38]} 23. g3
{[%clk 0:09:07]} e5 {[%clk 0:37:03]} 24. b4 {[%clk 0:07:08]} exf4
{[%clk 0:37:25]} 25. gxf4 {[%clk 0:06:18]} Kc7 {[%clk 0:37:32]} 26. Nf3
{[%clk 0:06:05]} Nd8 {[%clk 0:27:42]} 27. Nd4 {[%clk 0:04:53]} Ne6
{[%clk 0:27:58]} 28. Nxe6+ {[%clk 0:04:17]} Bxe6 {[%clk 0:28:23]} 29. Kc3
{[%clk 0:03:40]} Bf8 {[%clk 0:27:11]} 30. Be2 {[%clk 0:02:21]} Bd6
{[%clk 0:26:08]} 31. c5 {[%clk 0:02:39]} bxc5 {[%clk 0:25:51]} 32. bxc5
{[%clk 0:03:08]} Be7 {[%clk 0:26:05]} 33. Bf3 {[%clk 0:02:54]} a5
{[%clk 0:23:03]} 34. Bd4 {[%clk 0:02:50]} Kc8 {[%clk 0:22:58]} 35. Be2
{[%clk 0:01:45]} h4 {[%clk 0:17:14]} 36. Bc4 {[%clk 0:00:56]} Bd7
{[%clk 0:17:39]} 37. Bd5 {[%clk 0:00:51]} Bb5 {[%clk 0:17:02]} 38. Bf7
{[%clk 0:00:40]} g5 {[%clk 0:16:46]} 39. Be6+ {[%clk 0:00:51]} Bd7
{[%clk 0:16:53]} 40. Bd5 {[%clk 0:00:49]} Bb5 {[%clk 0:16:20]} 41. fxg5
{[%clk 0:00:49]} Bxg5 {[%clk 0:16:12]} 42. c6 {[%clk 0:00:34]} Bf4
{[%clk 0:15:56]} 43. h3 {[%clk 0:00:32]} Kc7 {[%clk 0:15:43]} 44. Be6
{[%clk 0:00:35]} Bd6 {[%clk 0:15:14]} 45. Bxf5 {[%clk 0:00:35]} Bxa3
{[%clk 0:15:30]} 46. Bf6 {[%clk 0:00:33]} Bb4+ {[%clk 0:15:47]} 47. Kb3
{[%clk 0:00:39]} Be1 {[%clk 0:15:57]} 48. Bd7 {[%clk 0:00:35]} a4+
{[%clk 0:09:57]} 49. Ka3 {[%clk 0:00:52]} Bg3 {[%clk 0:05:45]} 50. Kb4
{[%clk 0:01:01]} Bxc6 {[%clk 0:06:12]} 51. Bxc6 {[%clk 0:01:24]} Kxc6
{[%clk 0:06:39]} 52. Bxh4 {[%clk 0:01:43]} Bxh4 {[%clk 0:07:02]} 53. Kxa4
{[%clk 0:02:09]} 1/2-1/2

[Event "EUYCC 2024 U14"]
[Site "?"]
[Date "2024.08.11"]
[Round "7.2"]
[White "Belocky, Daniel"]
[Black "Constantinoiu, Alexandru Ioan"]
[Result "0-1"]
[BlackElo "1904"]
[WhiteElo "1731"]
[LiveChessVersion "1.4.8"]

1. d4 {[%clk 1:30:57]} d5 {[%clk 1:30:46]} 2. Nf3 {[%clk 1:31:23]} Nf6
{[%clk 1:30:57]} 3. c4 {[%clk 1:31:44]} c6 {[%clk 1:31:16]} 4. g3
{[%clk 1:31:50]} dxc4 {[%clk 1:31:25]} 5. a4 {[%clk 1:32:09]} b5 {[%clk 1:25:58]}
6. axb5 {[%clk 1:32:33]} cxb5 {[%clk 1:24:42]} 7. Nc3 {[%clk 1:32:45]} Qb6
{[%clk 1:10:04]} 8. b3 {[%clk 1:29:31]} e6 {[%clk 1:04:43]} 9. bxc4
{[%clk 1:29:18]} Bb4 {[%clk 1:01:28]} 10. Qb3 {[%clk 1:28:44]} bxc4
{[%clk 1:00:32]} 11. Qxc4 {[%clk 1:28:10]} Ba6 {[%clk 0:56:38]} 12. Qb3
{[%clk 1:26:43]} Ne4 {[%clk 0:41:24]} 13. Bd2 {[%clk 1:25:46]} Bxc3
{[%clk 0:38:52]} 14. Qxb6 {[%clk 1:25:41]} axb6 {[%clk 0:39:01]} 15. Bxc3
{[%clk 1:25:46]} Nxc3 {[%clk 0:39:22]} 16. Rc1 {[%clk 1:25:17]} Nb5
{[%clk 0:37:55]} 17. Bg2 {[%clk 1:25:18]} Bb7 {[%clk 0:36:34]} 18. O-O
{[%clk 1:25:11]} O-O {[%clk 0:35:45]} 19. e3 {[%clk 1:24:59]} Nd7
{[%clk 0:35:15]} 20. Rb1 {[%clk 1:24:28]} Nc3 {[%clk 0:35:18]} 21. Rb3
{[%clk 1:24:21]} Rfc8 {[%clk 0:35:24]} 22. Re1 {[%clk 1:24:25]} f6
{[%clk 0:35:00]} 23. Ne5 {[%clk 1:22:52]} Bxg2 {[%clk 0:34:43]} 24. Nxd7
{[%clk 1:23:17]} Bd5 {[%clk 0:34:24]} 25. Rb2 {[%clk 1:23:13]} Na4
{[%clk 0:30:56]} 26. Rb4 {[%clk 1:22:43]} Rc7 {[%clk 0:28:59]} 27. Nxb6
{[%clk 1:22:25]} Nxb6 {[%clk 0:29:24]} 28. Rxb6 {[%clk 1:22:50]} Rac8
{[%clk 0:29:45]} 29. Rb2 {[%clk 1:23:01]} Be4 {[%clk 0:29:26]} 30. f4
{[%clk 1:22:58]} Rc2 {[%clk 0:29:19]} 31. Re2 {[%clk 1:23:00]} Rxe2
{[%clk 0:29:28]} 32. Rxe2 {[%clk 1:23:23]} Rc1+ {[%clk 0:29:53]} 33. Kf2
{[%clk 1:23:40]} Rh1 {[%clk 0:30:17]} 34. h4 {[%clk 1:24:04]} Rh2+
{[%clk 0:30:37]} 35. Ke1 {[%clk 1:24:30]} Rh3 {[%clk 0:30:52]} 36. Kf2
{[%clk 1:24:48]} Rh2+ {[%clk 0:30:53]} 37. Ke1 {[%clk 1:25:12]} Rxe2+
{[%clk 0:31:15]} 38. Kxe2 {[%clk 1:25:39]} h5 {[%clk 0:31:30]} 39. Kd2
{[%clk 1:26:01]} Kf7 {[%clk 0:31:55]} 40. Ke2 {[%clk 1:26:08]} Kg6
{[%clk 0:32:20]} 41. Kf2 {[%clk 1:26:32]} Kf5 {[%clk 0:32:45]} 42. Ke2
{[%clk 1:26:43]} Kg4 {[%clk 0:33:10]} 43. Kf2 {[%clk 1:27:04]} Kh3
{[%clk 0:33:35]} 44. g4 {[%clk 1:27:10]} hxg4 {[%clk 0:33:53]} 45. h5
{[%clk 1:27:32]} Kh2 {[%clk 0:34:18]} 0-1